000 01393nam a2200361 c 4500
003 BLK
005 20241210150907.0
008 180410b bul|||||r ||||||| ||bul||
010 _aKNG00164542000
020 _a978-619-157-083-6
_bиздат.: Ибис
040 _aBLK
041 _aBUL
_cBUL
072 7 _2bullib
_aН83
_xЧужда художествена литература Н
080 _aАмериканска литература (на САЩ)
_b821.111(73)
_x-312.4
_z821.111(73)-312.4
100 _aКинг, Стивън
_9371799
700 _aПрошкова, Весела Богомилова
_d1950-
_9365223
139 _aКинг, Стивън
_bК 54
245 1 0 _aКристин
_bРоман
_cСтивън Кинг; прев. от англ. Весела Богомилова Прошкова.
257 _aUSA
260 София
_bИбис
_c2014
_fСофия : Симолини
300 _a591 с.
_c21 см
380 _aX
500 _a1. изд. 1993 на изд. Плеяда в 2 кн. - Ориг. загл. Christine / Stephen King.
653 _aхорър
653 _aромани
659 _aН
852 _aЦб 270539
856 4 _qpdf
_u
856 4 _qpdf
_u
942 _cKNG
_n0
_014
944 _aCR
_c01.09.2014
_lЦветелина Шанова
_k30531
944 _aED
_c29.04.2015
_lф /
_kПенка_Димитрова
999 _c157594
_d157594